Cargando...
في فلسفة الإسلامية منهج و تطبيقه
| Autor Principal: | |
|---|---|
| Formato: | Printed Book |
| Idioma: | Malayalam |
| Publicado: |
دار المعارف
|
| LEADER | 00443nam a22001217a 4500 | ||
|---|---|---|---|
| 008 | 160831b xxu||||| |||| 00| 0 mal d | ||
| 082 | |a 181.2 | ||
| 100 | |a إبراهيم مدكور | ||
| 245 | |a في فلسفة الإسلامية منهج و تطبيقه | ||
| 260 | |a دار المعارف | ||
| 942 | |c BK | ||
| 999 | |c 176886 |d 176886 | ||
| 952 | |0 0 |1 0 |4 0 |6 181_200000000000000 |7 0 |9 196017 |a ARA |b ARA |c ST1 |d 2017-05-04 |i 4034 |l 0 |o 181.2 |p ARA4034 |r 2017-05-04 |w 2017-05-04 |y BK | ||